[Event "AUTO-MASTER-3297"]
[Site "http://www.queenalice.com/game.php?id=1873214"]
[Date "2026.5.9"]
[Round "2"]
[White "chessman"]
[Black "cerenzo72"]
[Result "1-0"]
[WhiteElo "2081"]
[BlackElo "2168"]

1. e4 e5 2. Nf3 d6 3. d4 Nf6 4. dxe5 Nxe4 5. Bc4 Be7 6. Bxf7+ Kxf7 7. Qd5+ Be6
8. Qxe4 Rf8 9. exd6 Bxd6 10. Ng5+ Qxg5 11. Bxg5 Kg8 12. Qxe6+ Kh8 13. O-O Nc6
14. Nc3 Nd4 15. Qe4 Nc6 16. Nb5 Rae8 17. Qa4 Be5 18. c3 a6 19. Nd4 1-0

[Event "AUTO-MASTER-3297"]
[Site "http://www.queenalice.com/game.php?id=1873215"]
[Date "2026.5.9"]
[Round "2"]
[White "cerenzo72"]
[Black "Fredo"]
[Result "0-1"]
[WhiteElo "2126"]
[BlackElo "2087"]

1. c4 Nf6 2. d4 g6 3. Nf3 Bg7 4. Nc3 d5 5. cxd5 Nxd5 6. e4 Nxc3 7. bxc3 c5 8.
Rb1 O-O 9. Be2 Nc6 10. d5 Bxc3+ 11. Bd2 Bxd2+ 12. Qxd2 Na5 13. O-O b6 14. Qh6 f6
15. Bd3 c4 16. Bc2 e5 17. Rfd1 Bg4 18. Qe3 Rc8 19. Rdc1 Bxf3 20. Qxf3 Nb7 21.
Bd1 a6 22. a4 Nd6 23. Be2 b5 24. axb5 axb5 25. h4 Rf7 26. h5 Rb7 27. hxg6 hxg6
28. Qg4 Qe8 29. g3 Kg7 30. Kg2 Qd7 31. Qf3 b4 32. Qe3 c3 33. Ba6 Nc4 34. Qe2 Nd2
35. Bxb7 Qxb7 36. Rxc3 Nxb1 37. Rxc8 Qxc8 38. Qd3 Nc3 39. d6 Qd7 40. f3 Nb5 41.
Qxb5 Qxb5 0-1

[Event "AUTO-MASTER-3297"]
[Site "http://www.queenalice.com/game.php?id=1873216"]
[Date "2026.5.9"]
[Round "2"]
[White "Fredo"]
[Black "cerenzo72"]
[Result "0-1"]
[WhiteElo "2099"]
[BlackElo "2169"]

1. d4 Nf6 2. Nf3 e6 3. e3 b6 4. Bd3 Bb7 5. O-O Be7 6. b3 O-O 7. Bb2 Nc6 8. Nbd2
a5 9. a3 h6 10. Re1 d6 11. e4 Rc8 12. Rc1 Na7 13. Nf1 c5 14. Ng3 cxd4 15. Bxd4
e5 16. Bb2 Nc6 17. Nf5 Qd7 18. Nd2 Kh7 19. Nf1 g6 20. Nxe7 Nxe7 21. f3 Nh5 22.
a4 Bc6 23. Ne3 Nf4 24. Bf1 g5 25. Ba3 Rcd8 26. Nc4 Qa7 27. Kh1 Rd7 28. Nxd6 Rfd8
29. g3 Ne6 30. c3 Nc5 0-1

[Event "AUTO-OPEN-4622"]
[Site "http://www.queenalice.com/game.php?id=1873257"]
[Date "2026.5.12"]
[Round "2"]
[White "chessman"]
[Black "cerenzo72"]
[Result "1-0"]
[WhiteElo "2102"]
[BlackElo "2165"]

1. e4 e5 2. Nf3 d6 3. d4 exd4 4. Nxd4 g6 5. Be2 Bg7 6. O-O Nf6 7. Nc3 O-O 8. h3
b6 9. Re1 Bb7 10. Bf3 Na6 11. Qe2 Re8 12. Bg5 Qd7 13. Rad1 Nxe4 14. Bxe4 Bxe4
15. Nxe4 d5 16. Nf3 Rxe4 17. Qxa6 Rxe1+ 18. Rxe1 Bxb2 19. Re7 Qc6 20. Bh6 Bf6
21. Re1 Bg7 22. Bxg7 Kxg7 23. Qd3 Qd6 24. Qd4+ f6 25. c4 c6 26. cxd5 cxd5 27.
Ng5 Rc8 28. g3 Kg8 29. Re6 Qd8 30. Rxf6 Rc4 31. Qe5 Rc7 32. Qe6+ Kg7 33. Rf7+
Rxf7 34. Qxf7+ Kh6 35. Qxh7+ Kxg5 36. Qh4+ 1-0

[Event "AUTO-OPEN-4622"]
[Site "http://www.queenalice.com/game.php?id=1873258"]
[Date "2026.5.12"]
[Round "2"]
[White "cerenzo72"]
[Black "chessman"]
[Result "0-1"]
[WhiteElo "2138"]
[BlackElo "2130"]

1. c4 c6 2. Nf3 d5 3. b3 Nf6 4. Bb2 e6 5. e3 Be7 6. Ne5 Nbd7 7. cxd5 exd5 8. g3
Nxe5 9. Bxe5 O-O 10. Bg2 Be6 11. Nc3 Nd7 12. Bd4 c5 13. Bxg7 Kxg7 14. Nxd5 Bxd5
15. Bxd5 Rb8 16. Qg4+ Kh8 17. Bg2 Bf6 18. Rc1 b6 19. Qf5 Rg8 20. Rc4 Ne5 21. Be4
Rg7 22. Rc1 Qe7 23. O-O Rd8 24. d3 Qe6 25. Rcd1 Qxf5 26. Bxf5 Rd6 27. e4 Rxd3
28. Rxd3 Nxd3 29. f4 Bd4+ 30. Kg2 Nb4 31. a4 f6 32. Be6 Re7 33. f5 Nc6 34. Bd5
Ne5 35. h4 Ng4 36. Re1 Ne3+ 37. Rxe3 Bxe3 38. Kf3 Bd4 39. g4 Re5 40. g5 Kg7 41.
Kf4 Kf8 42. gxf6 Rxd5 43. exd5 Bxf6 44. d6 h5 45. Ke4 Ke8 0-1